| 000 | 00798nam a2200265 a 4500 | ||
|---|---|---|---|
| 001 | 50925 | ||
| 003 | BD-RjUL | ||
| 005 | 20211209075603.0 | ||
| 008 | 160829s1940 enkac 001 0 eng | ||
| 035 | _a(BD-RjUL)51045 | ||
| 040 |
_aDLC _cNmLcU _dNmLcU _dOCoLC _dBD-RjUL _beng |
||
| 041 | _aeng | ||
| 082 |
_a384.54 _223 _bMCR 1940 |
||
| 100 | 1 | 0 |
_aMcGill, Earle _9152419 |
| 245 | 1 | 0 |
_aRadio directing / _cby Earle McGill ... with a foreword by H. Clay Harshbarger. |
| 250 | _a1st ed. | ||
| 260 |
_aLondon : _bMcGraw-Hill Book Company, Inc., _cc1940 |
||
| 300 |
_axiv, 370 p. : _bill. ; _c24 cm. |
||
| 500 | _aInclude index | ||
| 650 | 0 |
_aRadio broadcasting. _9150346 |
|
| 650 | 0 |
_aRadio plays. _9152420 |
|
| 700 |
_aHarshbarger, H. Clay _9152421 |
||
| 942 |
_2ddc _cBK |
||
| 999 |
_c50925 _d50925 |
||